Normal view
MARC view
- Scotland
Entry Topical Term
001 - CONTROL NUMBER
- control field: 131581
003 - CONTROL NUMBER IDENTIFIER
- control field: OSt
005 - DATE AND TIME OF LATEST TRANSACTION
- control field: 20260406155253.0
008 - FIXED-LENGTH DATA ELEMENTS
- fixed length control field: 260406|| aca||aabn | a|a d
040 ## - CATALOGING SOURCE
- Original cataloging agency: OSt
- Transcribing agency: OSt
150 ## - HEADING--TOPICAL TERM
- Topical term or geographic name entry element: Scotland
- General subdivision: Folklore
- Chronological subdivision: Juvenile literature
670 ## - SOURCE DATA FOUND
- Source citation: Work cat.: (OSt)94061: Leonard, Scott A. 131548, Myths and legends of ancient Britain and Ireland /, c2016.









